003960000a220009700045001000032000002450036000323000043000685200146001116500020002577730021002771 aLópes, Augustus Nicodemus10aLa incredulidad en el púlpito aVol.9, núm.1 (2007), Páginas 39-40 aLa relación entre fe en Dios y capacidades intelectuales para administrar una iglesia, liderar un culto o enseñar en el salón de clase.14aFE-INCREDULIDAD0 tReforma Siglo 21